ბათუმის შოთა რუსთაველის სახელმწიფო უნივერსიტეტის ბიბლიოთეკა

SQL Server. №10 (154). Октябрь.2013. (ბიბ.ჩანაწერი № 41474)

000 -LEADER
fixed length control field 00459nam a2200181Ia 4500
001 - CONTROL NUMBER
control field 8141
003 - CONTROL NUMBER IDENTIFIER
control field GE_BSU
008 - FIXED-LENGTH DATA ELEMENTS--GENERAL INFORMATION
fixed length control field 181216s||||||||xx |||||||||||||| ||und||
040 ## - CATALOGING SOURCE
Transcribing agency GE_BSU
245 ## - TITLE STATEMENT
Title SQL Server. №10 (154). Октябрь.2013.
245 ## - TITLE STATEMENT
Remainder of title Журнал для профессионалов.
260 ## - PUBLICATION, DISTRIBUTION, ETC.
Place of publication, distribution, etc. Москва.
260 ## - PUBLICATION, DISTRIBUTION, ETC.
Name of publisher, distributor, etc. инфопресс
260 ## - PUBLICATION, DISTRIBUTION, ETC.
Date of publication, distribution, etc. 2013.
300 ## - PHYSICAL DESCRIPTION
Extent 23ст;29см.
653 ## - INDEX TERM--UNCONTROLLED
Uncontrolled term SQL Server
942 ## - ADDED ENTRY ELEMENTS (KOHA)
Koha item type პერიოდიკა
ეგზემპლარები
Withdrawn status Lost status Damaged status Not for loan Date acquired Barcode Date last seen Price effective from Koha item type
        2018-12-17 p75916 2018-12-17 2018-12-17 პერიოდიკა